000 01527cam a2200181 a 4500
999 _c1635
_d1635
020 _a0521848059 (hardcover)
020 _a9780521848053
050 0 0 _aHB172
_b.C14
100 1 _aCameron, Adrian Colin.
245 1 0 _aMicroeconometrics :
_bmethods and applications /
_cA. Colin Cameron, Pravin K. Trivedi.
260 _aCambridge ;
_aNew York :
_bCambridge University Press,
_c2005.
300 _axxii, 1034 p. :
_bill. ;
_c27 cm.
500 _aIncludes tables.
505 0 _a1. Overview -- 2. Causal and noncasual models -- 3. Microeconomic data structures -- 4. Linear models -- 5. Maximum likelihood and nonlinear least-squares estimation -- 6. Generalized method of moments and systems estimation -- 7. Hypothesis tests -- 8. Specification tests and model selection -- 9. Semiparametric methods -- 10. Numerical optimization -- 11. Bootstrap methods -- 12. Simulation-based methods -- 13. Bayesian methods -- 14. Binary outcome models -- 15. Multinomial models -- 16. Tobit and selection models -- 17. Transition data : survival analysis -- 18. Mixture models and unobserved heterogeneity -- 19. Models of multiple hazards -- 20. Models of count data -- 21. Linear panel models : basics -- 22. Linear panel models : extensions -- 23. Nonlinear panel models -- 24. Stratified and clustered samples -- 25. Treatment evaluation -- 26. Measurement error models -- 27. Missing data and imputation -- A. Asymptotic theory -- B. Making pseudo-random draws.
650 0 _aMicroeconomics
700 1 _aTrivedi, Pravin K.
942 _cBK